| 000 | 00520nam a2200205Ia 4500 | ||
|---|---|---|---|
| 005 | 20250425162726.0 | ||
| 008 | 250425s9999 xx 000 0 und d | ||
| 041 | _aspa | ||
| 043 | _aec | ||
| 082 |
_a338.27 _pGAL |
||
| 100 | _aGalarza, Byron | ||
| 245 | 0 |
_aEl petróleo en el Ecuador _cGalarza, Byron |
|
| 250 | _aPrimera edición | ||
| 260 |
_aQuito _bPETROECUADOR _c2009 |
||
| 300 |
_a144 páginas _bilustraciones _c21 cm. |
||
| 650 | _aPetróleo | ||
| 710 | _aPETROECUADOR | ||
| 942 | _c01 | ||
| 010 | _a103427 | ||
| 999 |
_c235186 _d235186 |
||